| 000 | 00563pab a2200181 454500 | ||
|---|---|---|---|
| 008 | 180718b2004 xxu||||| |||| 00| 0 eng d | ||
| 100 | _aLeonard, Kenneth L. | ||
| 245 | _aThe political economy of improving health care for the poor in Rural Africa: institutional solutions to the principal-agent problem | ||
| 260 | _c2004 | ||
| 300 | _ap.50-77. | ||
| 362 | _aApr | ||
| 650 | _aPoor - Africa | ||
| 650 | _aHealth services - Africa | ||
| 650 | _aHealth services | ||
| 700 | _aLeonard, David K. | ||
| 773 | _aJournal of Development Studies | ||
| 909 | _a60862 | ||
| 999 |
_c60862 _d60862 |
||